50 Restaurant Chains Quiz Stats

 Plays Quiz Updated Mar 16, 2013

Challenge
Share
Tweet
Score 0/50 Timer 05:00
0 Plays Today
% Correct
Dunkin'
97.8%
T.G.I.
96.3%
Ben &
95.8%
Taco
95.7%
Chuck E.
94.9%
Baskin
94.5%
Krispy
94.2%
Cheesecake
93.9%
Long John
93.7%
Olive
92.3%
Dairy
92.1%
Red
90.3%
Chick-fil-
89.9%
Ruby
88.5%
Buffalo
87.5%
Waffle
86.8%
Cold Stone
86.7%
Cracker
86.7%
White
86%
A&
85.9%
Little
85.4%
Panera
85.1%
P. F.
84.8%
Planet
82.4%
Melting
81.2%
% Correct
Dave &
81.2%
Chi-
80.3%
Boston
80.3%
Steak 'n
79.5%
Texas
79.1%
Johnny
70.3%
Cheeburger
68.7%
Roy
66.4%
Big
66.3%
Howard
63.4%
Bob
59.6%
Buca di
59.6%
Tony
59.2%
Del
58.1%
Famous
58.1%
Noodles &
56.2%
Bonefish
56.1%
Baja
52.6%
Tilted
50.3%
Max &
48.9%
Sneaky
48%
Trader
47.1%
Don
46.7%
Captain
41.2%
Smokey
38.1%

You're not logged in!

Compare scores with friends on all Sporcle quizzes.
Join for Free
OR
Log In

You Might Also Like...

Show Comments

Extras

Top Quizzes Today


Score Distribution

Your Account Isn't Verified!

In order to create a playlist on Sporcle, you need to verify the email address you used during registration. Go to your Sporcle Settings to finish the process.

Report this User

Report this user for behavior that violates our Community Guidelines.

Details: